Adicciones... sin drogas?, las nuevas adicciones: juego, sexo, comida, compras, trabajo, internet
সংরক্ষণ করুন:
| প্রধান লেখক: | |
|---|---|
| বিন্যাস: | গ্রন্থ |
| ভাষা: | স্প্যানিশ |
| প্রকাশিত: |
Bilbao
Desclée de Brouwer
2000
|
| সংস্করন: | 2a. ed |
| মালা: | Colección Preguntas
|
| বিষয়গুলি: | |
| ট্যাগগুলো: |
ট্যাগ যুক্ত করুন
কোনো ট্যাগ নেই, প্রথমজন হিসাবে ট্যাগ করুন!
|
MARC
| LEADER | 00000nam a2200000 a 4500 | ||
|---|---|---|---|
| 001 | UCN6027 | ||
| 003 | CL-VaPUC | ||
| 008 | 010913e20000000SP |||||||||||||||||spa|d | ||
| 082 | 0 | 4 | |a 154.4 |b ECH |2 21 |
| 100 | 0 | |a Echeburúa Odriozola, Enrique |e author |9 461809 | |
| 245 | 1 | 0 | |a Adicciones... sin drogas?, las nuevas adicciones: juego, sexo, comida, compras, trabajo, internet |
| 250 | |a 2a. ed | ||
| 300 | |a 114 p | ||
| 942 | |c BK | ||
| 945 | |d 20010913 00:00:00 |a cmena | ||
| 260 | |a Bilbao |b Desclée de Brouwer |c 2000 | ||
| 650 | 7 | |a CONCIENCIA - ADICCIONES |2 CL-VaPUC |9 461810 | |
| 650 | 0 | |a Alteraciones psicopatológicas |9 461811 | |
| 650 | 0 | |a Motivación |9 315362 | |
| 650 | 0 | |a Trastornos de la personalidad |9 307698 | |
| 583 | |a last modification |c 20010913 00:00:00 |k Rodrigo Vera | ||
| 490 | 0 | |a Colección Preguntas | |
| 999 | |c 297119 |d 297117 | ||
| 952 | |0 0 |1 0 |4 0 |6 154_400000000000000_ECH_2000 |7 0 |8 A |9 351574 |a BIBEDU |b BIBEDU |d 2019-11-21 |i 3697746 |o 154.4 ECH 2000 |p 3697746 |r 2019-11-21 |w 2019-11-21 |y BK |k EPE | ||